Modern Music Quiz! - Statistics

General Stats
  • This quiz has been taken 482 times
    439 since last reset
  • The average score is 10 of 16
Answer Stats
Hint Answer % Correct
Poker Face Lady Ga Ga
96%
Roar Katy Perry
95%
Blank Space Taylor Swift
86%
Timber Pitbull
82%
Sing Ed Sheeran
74%
Uptown Funk (ft. Bruno Mars) Mark Ronson
70%
Thinking Out Loud Ed Sheeran
69%
Hall of Fame The Script
65%
All About That Bass Meghan Trainor
61%
Let It Go Idina Menzel
60%
Airplanes B.o.B
54%
Trouble Maker Olly Murs
53%
Something I Need Ben Haenow
50%
Up (ft. Demi Lovato) Olly Murs
48%
These Days Take That
33%
True Love P!nk
25%
No matching quizzes found
Score Distribution
Percent of People with Each Score
Percentile by Number Answered
Your Score History
You have not taken this quiz since the last reset